Communication networks (Record no. 79538)
[ view plain ]
| 000 -LEADER | |
|---|---|
| fixed length control field | 01141nam a2200217 a 4500 |
| 008 - FIXED-LENGTH DATA ELEMENTS--GENERAL INFORMATION | |
| fixed length control field | 120416s2000 ||||||||||||||||| || u |
| 020 ## - INTERNATIONAL STANDARD BOOK NUMBER | |
| International Standard Book Number | 0070402353 |
| 050 ## - LIBRARY OF CONGRESS CALL NUMBER | |
| Classification number | TK 5101 Leo |
| 100 ## - MAIN ENTRY--PERSONAL NAME | |
| Personal name | Leon-Garcia, Alberto |
| 245 10 - TITLE STATEMENT | |
| Title | Communication networks |
| 246 ## - | |
| -- | fundamental concepts and key architectures |
| 260 ## - PUBLICATION, DISTRIBUTION, ETC. | |
| Place of publication, distribution, etc. | New Delhi |
| Name of publisher, distributor, etc. | Tata McGraw-Hill |
| Date of publication, distribution, etc. | 2000 |
| 350 ## - | |
| -- | 0.00 |
| 650 ## - SUBJECT ADDED ENTRY--TOPICAL TERM | |
| Topical term or geographic name entry element | COMMUNICATION |
| 650 #0 - SUBJECT ADDED ENTRY--TOPICAL TERM | |
| Topical term or geographic name entry element | TELECOMMUNICATION SYSTEMS |
| 650 #0 - SUBJECT ADDED ENTRY--TOPICAL TERM | |
| Topical term or geographic name entry element | COMPUTER NETWORKS |
| 995 ## - | |
| -- | BINDERY (DAMAGED) |
| -- | 0.00 |
| -- | 733080 |
| -- | CBU-MAIN LIBRARY (Kitwe) |
| -- | 2 |
| -- | 75.00 |
| -- | TK 5101 Leo |
| -- | 2 |
| -- | DAMAGED |
| -- | 44863 |
| -- | Main Library Open Access Collection |
| 995 ## - | |
| -- | MAIN LIBRARY OPEN ACCESS |
| -- | 0.00 |
| -- | 733079 |
| -- | CBU-MAIN LIBRARY (Kitwe) |
| -- | 1 |
| -- | 75.00 |
| -- | TK 5101 Leo |
| -- | 1 |
| -- | LOST |
| -- | Mar 7, 2013 |
| -- | 44866 |
| -- | Main Library Open Access Collection |
| 995 ## - | |
| -- | MAIN LIBRARY OPEN ACCESS |
| -- | 0.00 |
| -- | 733079 |
| -- | CBU-MAIN LIBRARY (Kitwe) |
| -- | 1 |
| -- | 0.00 |
| -- | TK 5101 Leo |
| -- | 4 |
| -- | AVAILABLE |
| -- | Apr 16, 2009 |
| -- | 733079 |
| -- | Main Library Open Access Collection |
| 995 ## - | |
| -- | BINDERY (DAMAGED) |
| -- | 0.00 |
| -- | 733081 |
| -- | CBU-MAIN LIBRARY (Kitwe) |
| -- | 3 |
| -- | 75.00 |
| -- | TK 5101 Leo |
| -- | 3 |
| -- | DAMAGED |
| -- | Jul 17, 2006 |
| -- | 44864 |
| -- | Main Library Open Access Collection |
| 999 ## - | |
| -- | 79538 |
| -- | 79538 |
| Withdrawn status | Lost status | Source of classification or shelving scheme | Damaged status | Not for loan | Permanent Location | Current Location | Shelving location | Date acquired | Total Checkouts | Full call number | Barcode | Date last seen | Copy number | Price effective from | Koha item type |
|---|---|---|---|---|---|---|---|---|---|---|---|---|---|---|---|
| CBU-MAIN LIBRARY, KITWE. | CBU-MAIN LIBRARY, KITWE. | 06/29/2023 | TK 5101 Leo | 44863 | 06/29/2023 | 1 | 06/29/2023 | MONOGRAPH | |||||||
| CBU-MAIN LIBRARY, KITWE. | CBU-MAIN LIBRARY, KITWE. | 06/29/2023 | TK 5101 Leo | 44866 | 06/29/2023 | 2 | 06/29/2023 | MONOGRAPH | |||||||
| CBU-MAIN LIBRARY, KITWE. | CBU-MAIN LIBRARY, KITWE. | 06/29/2023 | TK 5101 Leo | 733079 | 06/29/2023 | 3 | 06/29/2023 | MONOGRAPH | |||||||
| CBU-MAIN LIBRARY, KITWE. | CBU-MAIN LIBRARY, KITWE. | 06/29/2023 | TK 5101 Leo | 44864 | 06/29/2023 | 4 | 06/29/2023 | MONOGRAPH |